000
00455nam a2200145Ia 4500
008
100122s9999 xx 000 0 und d
082
_b
17722
_a
823
100
_a
मनोहर अनंत
245
_a
उदास हळवे सूर
260
_b
पंडित अनंत कुलकर्णी
_c
1971
300
_a
141
630
_a
उदास हळवे सूर
730
_a
उदास हळवे सूर
942
_c
BOOK
999
_c
407358
_d
407355